Read & Play:Athletics/ (Record no. 189084)

MARC details
000 -LEADER
fixed length control field 00539nam a2200181 4500
005 - DATE AND TIME OF LATEST TRANSACTION
control field 20220613144105.0
010 ## - LCCN (DPL NO)
LC control number ENG-133237
020 ## - INTERNATIONAL STANDARD BOOK NUMBER
Terms of availability 60.00
035 ## - SYSTEM CONTROL NUMBER
System control number EN-116769
037 ## - SOURCE OF ACQUISITION
Source of stock number/acquisition DBAD/PUB
082 ## - DEWEY DECIMAL CLASSIFICATION NUMBER
Classification number 796.093
100 ## - MAIN ENTRY--PERSONAL NAME
Personal name Reddy, Nadamala Gangadhara
245 ## - TITLE STATEMENT
Title Read & Play:Athletics/
Statement of responsibility, etc Nadamala Gangadhara Reddy
260 ## - PUBLICATION, DISTRIBUTION, ETC. (IMPRINT)
Place of publication, distribution, etc Vijayawada
Name of publisher, distributor, etc Navaratna Book House
Date of publication, distribution, etc 2009
270 ## - ADDRESS
Address #28-22-20, Rahiman Street Arundelpet
City Vijayawada
Postal code 520002
300 ## - PHYSICAL DESCRIPTION
Extent 160p.
Dimensions 21cm(pbk)
942 ## - ADDED ENTRY ELEMENTS (KOHA)
Source of classification or shelving scheme Dewey Decimal Classification
Item type English Books
Classification part 796.093
Call number suffix RED
Holdings
Withdrawn status Lost status Not for loan Collection code Home library Current library Date acquired Source of acquisition Cost, normal purchase price Full call number Barcode Copy number Cost, replacement price Koha item type
      Non-fiction Bawana Bawana 13/06/2022 DBAD/PUB 60.00 796.093 RED EN-116769 1 60.00 English Books

© Delhi Public Library
Hit Counter
free hit counter